000 00683cab a2200241 4500
001 ABS47845
008 090401t1993 xxu||||| |||| 00| 0 eng d
035 _a(Sirsi) u63640
041 _aeng
100 _aBusby, P.
245 _aProperty-related debt : a map of the minefield
260 _c1993
350 _a0
490 _aAccountancy
_v111(1193) January 1993, 73(1)
520 _aAn appraisal of some methods of dealing with property-related debt.
650 _aDEBT RESTRUCTURING
650 _aPROPERTY COMPANIES
650 _aPROPERTY DEBT
650 _aRESTRUCTURING
690 _aPROPERTY-PROPERTY FINANCE AND INVESTMENT
942 _n0
948 _c04/03/1997
999 _c39571
_d39571